High voltage engineering

Bibliographic Details
Main Author: Naidu, M S
Format: Book
Published: New Delhi : Tata McGraw-Hill Pub. Comp. Ltd , 2004
Subjects:

MARC

LEADER 00000cam a2200000 7i4500
001 0000037959
005 20131022.0
008 131022
020 |a 0070494649 
090 0 0 |a 621.31   |b NAI 
100 1 |a Naidu, M S 
245 1 0 |a High voltage engineering   |c M S Naidu & V Kamaraju 
260 |a New Delhi :   |b Tata McGraw-Hill Pub. Comp. Ltd ,   |c 2004 
650 0 |a Electric engineering 
650 0 |a High voltage 
650 0 |a High voltage electric equipment 
999 |a 0001243917   |b Book   |c Adult Collection   |e Perbadanan Perpustakaan Awam Johor